000 00966nam a2200205Ia 4500
999 _c50867
_d50867
001 17822
003 GE_BSU
005 20200225142305.0
008 181216s1980 xx |||||||||||||| ||eng||
040 _cGE_BSU
080 _a353.03(73) P-97
245 _aPublic papers of the presidents of the United States Jimmy Carter 1979. book II
_b1979 (in two books) Book II-june 23 to december 31, 1979
264 _aWashington :
_bUnited States government printing office,
_c1980.
300 _a2302 p..:
_c26 cm.
653 _a1979 (in two books) Book II-june 23 to december 31, 1979
653 _aPublic papers of the presidents of the United States Jimmy Carter 1980-81.
653 _aშეერთებული შტატების პრეზიდენტების ჯიმი კარტერი
653 _aსახელმწიფო და ადმინისტრაციული მმართველობა
942 _cBK
_2udc